Kliknij aby złożyć flagi państw #1 - Statystyki

Ogólne statystyki
  • Ten quiz został rozwiązany 7 959 razy
  • Średni wynik to 16 z 25
Statystyki odpowiedzi
Hint Extra Hint Explanation Odpowiedź % Poprawnych
Kliknij odpowiednie tło flagi Portugalia
90%
Kliknij odpowiednie tło flagi Kanada
83%
Kliknij odpowiednie tło flagi Bhutan
77%
Kliknij odpowiednie tło flagi Egipt
74%
Kliknij odpowiednie tło flagi Liban
73%
Kliknij odpowiednie tło flagi Słowacja
72%
Kliknij odpowiednie tło flagi Iran
72%
Kliknij odpowiednie tło flagi Argentyna
71%
Kliknij odpowiednie tło flagi Uganda
70%
Kliknij odpowiednie tło flagi Meksyk
69%
Kliknij odpowiednie tło flagi Serbia
69%
Kliknij odpowiednie tło flagi Malta
69%
Kliknij odpowiednie tło flagi Etiopia
68%
Kliknij odpowiednie tło flagi Ekwador
68%
Kliknij odpowiednie tło flagi Mauetania
66%
Kliknij odpowiednie tło flagi Angola
62%
Kliknij odpowiednie tło flagi Andora
61%
Kliknij odpowiednie tło flagi Papua Nowa Gwinea
59%
Kliknij odpowiednie tło flagi San Marino
59%
Kliknij odpowiednie tło flagi Algieria
57%
Kliknij odpowiednie tło flagi Saint Vincent i Grenadyny
57%
Kliknij odpowiednie tło flagi Lesotho
55%
Kliknij odpowiednie tło flagi Czarnogóra
53%
Kliknij odpowiednie tło flagi Erytrea
48%
Kliknij odpowiednie tło flagi Gwatemala
45%
Nie znaleziono quizów pasujących do podanych kryteriów
Rozkład punktacji
Procent ludzi z każdym wynikiem
Percentyl według liczby udzielonych odpowiedzi
Twoja historia wyników
Nie rozwiązałeś tego quizu